000 00645nam a2200157 i 4500
001 19756
003 ES-MaACL
005 20230906152147.0
007 t|
008 021011s1881 sp ||||1| spa d
100 1 _aAbu-Berk.
_918185
245 1 3 _aLa venganza de Abu-Hamama
_b: novela original con los antecedentes de Saida /
_cescritos y esplicados por Abu-Berk, secretario del Marabut.
260 _aMadrid :
_b[s.n.],
_c1881 (
_fTip. Correspondencia Ilustrada)
300 _a120 p. :
_bil. ;
_c16 cm.
852 _aES-MaACL
_jT-411-F-7
_z.- Enc. hol., falto de la cub. original -- An.ms.: a la biblioteca del Ateneo.- Enc. en un vol. facticio
999 _c19756
_d19756